| 000 | 00784nam a2200289Ia 4500 | ||
|---|---|---|---|
| 003 | OSt | ||
| 005 | 20220912151454.0 | ||
| 006 | a|||||r|||| 00| 0 | ||
| 007 | ta | ||
| 008 | 220909b |||||||| |||| 00| 0 eng d | ||
| 024 | _a20634 | ||
| 037 | _cTextual | ||
| 040 |
_aCSL _beng _cCSL |
||
| 041 | _aeng | ||
| 082 | _aB2811, L75 | ||
| 100 | _aClarkson B L Ed. | ||
| 245 | 0 | _aStocahstic problems in dynamics | |
| 260 |
_aLondon _bPitman _c1975 |
||
| 300 |
_a566p. _ccm. |
||
| 650 | _a Stochastic processes | ||
| 650 | _aDynamics | ||
| 700 | _a Hammond J K Ed. | ||
| 700 | _a Holmes P J Ed. | ||
| 700 | _a Kistner A Ed. | ||
| 942 |
_hB2811, L75 _cTEXL _2CC |
||
| 999 |
_c69315 _d69315 |
||